Security in Eastern Europe from the perspective of the European Union

Bezpečnostná politika Európskej únie vo vzťahu k nečlenským krajinám Východnej Európy.

Gespeichert in:
Bibliographische Detailangaben
1. Verfasser: Gizicki, Wojciech
Format: Buchkapitel
Sprache:Englisch
Schlagworte:
Tags: Tag hinzufügen
Keine Tags, Fügen Sie das erste Tag hinzu!

MARC

LEADER 00000naa a2200000 4500
001 0135555
005 20231106130824.8
041 0 |a eng 
044 |a SK 
245 1 0 |a Security in Eastern Europe from the perspective of the European Union  |c Wojciech Gizicki 
520 |a Bezpečnostná politika Európskej únie vo vzťahu k nečlenským krajinám Východnej Európy. 
610 2 0 |a bezpečnosť európska 
610 2 0 |a politika medzinárodná 
610 2 0 |a Rusko 
610 2 0 |a východná Európa 
610 2 0 |a Moldavsko 
610 2 0 |a Ukrajina 
610 2 0 |a Gruzínsko 
610 2 0 |a Bielorusko 
100 1 |a Gizicki, Wojciech